000 01007nac a22002171u 4500
008 100907t xxu||||| |||| 00| 0 eng d
010 _a2004053108
020 _a0131479547
020 _a0131278371
082 0 0 _a005.43
_bS7827
100 _aStallings, William.
_918494
245 1 0 _aOperating systems :
_binternals and design principles /
_cWilliam Stallings.
250 _a5th ed.
260 _aUpper Saddle River, NJ :
_bPearson/Prentice Hall,
_c2004.
300 _a818 p.
_bill. ;
_c24 cm.
504 _aIncludes bibliographical references and index.
650 0 _aOperating systems (Computers)
_918495
942 _cBB
_k005.43S7827
_2ddc
999 _c557
_d557